000 00961cam a2200241 4500
001 ABS63021
008 000000n2000 000 0 eng u
035 _a(Sirsi) u108928
100 _aSmith, R.
245 2 _aA public duty for the private sector
260 _c2000
490 _aPFI Intelligence Bulletin
_v5(9) October 2000, 16-17(2)
520 _aThe Human Rights Act 1998 places legal obligations on all providers of public services including operators from the private sector. Looks at the new liabilities and risks facing PFI outsourcers, main contractors, and subcontractors. These include increased costs and the ever-present threat of court action.
590 _aABS
650 _aPFI
650 _aPRIVATE FINANCE INITIATIVE
650 _aHUMAN RIGHTS ACT 1998
650 _aPLANNING PROCESS
650 _aDUE DILIGENCE
650 _aCOMPLIANCE COSTS
690 _aMANAGEMENT-BUSINESS MANAGEMENT-FINANCIAL MANAGEMENT
942 _n0
999 _c65036
_d65036